| 000 | 00897nac a22001811u 4500 | ||
|---|---|---|---|
| 008 | 090318s2005 xxu||||| |||| 00| 0 ara d | ||
| 020 | _a1592393853 | ||
| 082 |
_a320.956 _bك ب س |
||
| 100 | 1 |
_aالكبسي ، محمد على _920919 |
|
| 245 |
_aنشأة الفكر السياسي عند العرب : _bحفريات فى مسلمات الفكر السياسي / _cمحمد على الكبسي |
||
| 260 |
_aدمشق : _bدار الفكر ، _c2005. |
||
| 300 |
_a365 ص ؛ _c24 سم. |
||
| 504 | _aيشتمل على إرجاعات ببليوجرافية وفهارس | ||
| 511 | _aCatalogued by: Sara | ||
| 651 |
_913700 _aالعالم العربي _xالأحوال السياسية |
||
| 942 |
_cBB _k320.956 ك ب س _2ddc |
||
| 999 |
_c7858 _d7858 |
||